01221nam a2200301 i 4500001001000000003000900010005001700019007000300036008004100039040003000080082001400110100001800124245022000142264003400362300004000396336002700436337003300463338002800496500011300524700002600637700003300663700002500696700002900721700002700750700003400777700002700811710008100838000046213DO-SdBNP20240131122552.0ta110222s1986 dr a 000 0 spa d aDO-SdBNPbspacBNPHUerda bC397c222 aMones, Belkis10aCon trabajo de mujer :bcondiciones de vida de la mujer rural /cBelkis Mones, Pastora Hernández, Lidia Grant, Milagros Dottin, Amparo Arango y otros ; asesoría Carmen Diana Deere ; redacción Margarita Cordero 1aSanto Domingo :bCIPAFc1986. a45 Páginasbilustracionesc22 cm. 2rdacontentatextobtxt 2rdamediaasin mediaciónbn 2rdacarrieravolumenbnc aTexto basado en el informe final del estudio "La mujer rural Dominicana" realizado Francis Pou, coordinadora1 aMones, Belkiseautora1 aHernández, Pastoraeautora1 aGrant, Lidiaeautora1 aDottin, Milagroseautora1 aArango, Amparoeautora1 aFernández, Brinellaeautora1 aRosado, Tarasyeautora2 aCentro de Investigación para la Acción Femenina (República Dominicana)